000 00356nam a2200169Ia 4500
003 IT-RoPAU
008 120407s9999 xx 000 0 und d
040 _aIT-RoPAU
040 _cIT-RoPAU
100 _aGiovanni Leonardi
245 _aApostoli al femminile
250 _aPadova
260 _aMessaggero
300 _c cm
490 _v1
942 _cBK
999 _c8331
_d8331